000 01084nam a22001937a 4500
005 20231123094840.0
008 230912b sp |||||||| |||| 00| 0 spa d
020 _a8432942103
050 0 4 _aTH145
_bT43 1977
245 0 0 _aTecnología de la construcción
_b: primer grado / primer curso
250 _a1a ed.
260 _aBarcelona, España :
_bEdiciones CEAC,
_c1977.
300 _a190 p. :
_bil. ;
_c28 cm.
490 0 _aLibros CEAC de formación profesional.
500 _aIncluye índice.
505 1 _tG:1 C:1 Tecnología del metal. -- Tecnología de la electricidad. -- Tecnología del automovil. -- Tecnología de la construcción. -- Prácticas del metal. -- Prácticas de electricidad. -- Prácticas de automoción. -- Prácticas de delineación. -- Prácticas de la madera. -- Técnicas de expresión gráfica, Delineación. -- Técnicas de expresión gráfica, automovil, metal, electricidad, construcción, madera, minería, química, textil, imagen, sonido.
_tG:1 C:2 Tecnología de electrónica.
650 7 _2lemb
_aConstrucción
_xTecnología
942 _2lcc
_cLIB
999 _c125024
_d125024